Revenue Standing Orders (Record no. 621846)

MARC details
000 -LEADER
fixed length control field 00507nam a22001817a 4500
008 - FIXED-LENGTH DATA ELEMENTS--GENERAL INFORMATION
fixed length control field 260502b |||||||| |||| 00| 0 eng d
020 ## - INTERNATIONAL STANDARD BOOK NUMBER
Paper back/Hardbound pbk
041 ## - LANGUAGE CODE
Language code of text/sound track or separate title eng
082 ## - DEWEY DECIMAL CLASSIFICATION NUMBER
Classification number 343.4104 KHA
100 ## - MAIN ENTRY--AUTHOR NAME
Personal name Ajmal Khan. M
245 ## - TITLE STATEMENT
Title Revenue Standing Orders
Sub Title Government Law Suits, Public Health And Public Servants Etc.,
Statement of responsibility, etc Ajmal Khan. M
250 ## - EDITION STATEMENT
Edition statement vlm 3.
260 ## - PUBLICATION, DISTRIBUTION, ETC. (IMPRINT)
Place of publication Madurai
Name of publisher Account Test Centre
300 ## - PHYSICAL DESCRIPTION
Number of Pages 256p. :
Dimensions 25cm
504 ## - BIBLIOGRAPHY, ETC. NOTE
Bibliography, etc Includes index
942 ## - ADDED ENTRY ELEMENTS (KOHA)
Koha item type English Books
Holdings
Withdrawn status Lost status Damaged status Not for loan Home library Current library Shelving location Date acquired Full call number Accession Number Price effective from Koha item type
        Anna Centenary Library Anna Centenary Library 4TH FLOOR, A WING 15.09.2016 343.4104 KHA 343.4104 02.05.2026 English Books

Find us on the map